Normal view MARC view
  • FROWNFELTER, DONNA AND DEAN , ELIZABETH

Entry Personal Name

Number of records used in: 1

001 - CONTROL NUMBER

  • control field: 8072

003 - CONTROL NUMBER IDENTIFIER

  • control field: JRU

005 - DATE AND TIME OF LATEST TRANSACTION

  • control field: 20230821101349.0

008 - FIXED-LENGTH DATA ELEMENTS

  • fixed length control field: 230821|| aca||aabn | a|a d

040 ## - CATALOGING SOURCE

  • Original cataloging agency: JRU
  • Transcribing agency: JRU

100 ## - HEADING--PERSONAL NAME

  • Personal name: FROWNFELTER, DONNA AND DEAN , ELIZABETH

670 ## - SOURCE DATA FOUND

  • Source citation: Work cat.: (JRU)8370: FROWNFELTER, DONNA AND DEAN , ELIZABETH, CARDIOVASCULAR AND PULMONARY PHYSICAL THERAPY: EVIDENCE TO PRACTICE, 2023